| 000 | 00571cam a22002171 4500 | ||
|---|---|---|---|
| 001 | sa 67006123 | ||
| 003 | DLC | ||
| 005 | 20260227112404.0 | ||
| 008 | 890227s1964 xx 000 0 urd | ||
| 010 | _asa 67006123 | ||
| 035 | _a(OCoLC)23580534 | ||
| 040 |
_aDLC _cMiU _dDLC |
||
| 042 | _apremarc | ||
| 050 | 0 | 0 |
_aPK2200.B68 _bZ5 |
| 100 | 1 |
_aBrelvi, Altaf Ali, _d1905- |
|
| 245 | 1 | 0 | _aRāhī aur rāh numā. |
| 260 | _c1964 | ||
| 300 |
_a256 p. (p. 251-256 advertisements) _c18 cm. |
||
| 500 | _aIn Urdu. | ||
| 650 | 0 |
_aAuthors _xCorrespondence, reminiscences, etc. |
|
| 999 |
_c75705 _d75705 |
||